000 00756nam a2200241Ia 4500
003 OSt
005 20220926021900.0
006 a|||||r|||| 00| 0
007 ta
008 220923b |||||||| |||| 00| 0 eng d
037 _cGeneral Book
040 _aRTL
_cRTL
_beng
041 _2eng
_aeng
082 _aVIN45,936:8.N82, M8 /UN
110 _aUNITED NATIONS, ECONOMIC AND SOCIAL COUNCIL , OFFICIAL RECORDS 1982
_9327102
245 0 _aPlenary meetings
260 _aNew York
_bUnited Nations
_c1982
300 _axvii,211p
_ccm.
490 _vV. 2
700 _aUNITED NATIONS, ECONOMIC AND SOCIAL COUNCIL , OFFICIAL RECORDS 1982
_9327103
942 _hVIN45,936:8.N82, M8 /UN
_cGB
_2CC
999 _c637927
_d637927